Statistics for Mal's General Knowledge 30

Click here to take the quiz!

General Stats

  • This quiz has been taken 186 times
  • The average score is 11 of 24

Answer Stats

HintAnswer% Correct
1) There are no Sovereign countries names beginning with X or what other letter?W
94%
12) What is the name given to the Galaxy that is home to Earth?Milky Way
91%
5) What is a 'Halibut'?Fish
83%
16) What is a 'Kalishnikov' also known as AK-47?Rifle
83%
8) What pictorial puzzle pastime is an anagram of 'Wigjas'Jigsaw
80%
15) Mt Fuji is situated on which Island?Honshu
64%
20) Who were the 5 (five) 'Authors' of the USA Declaration of Independence (surnames will suffice)?Thomas Jefferson
60%
3) The Capital City of Uganda is?Kampala
52%
4) Kandahar is the second largest city of which country?Afghanistan
52%
22John Adams
49%
21Benjamin Franklin
48%
7) What is the minimum weight for the 'Heavyweight Boxing Weight Class' (in lbs or kg)200lbs / 90.7kg
48%
18) How many feet in a 'Fathom'?6
47%
14) What are the famous South American 'cowboys' usually known as?Gauchos
46%
9) Feline is to 'Cat', as '..........' is to sheep?Ovine
38%
11) In which USA State is 'Crater Lake' National Park?Oregon
33%
17) Who wrote 'The Pit and the Pendulum'?Edgar Allan Poe
29%
10) Which great Science Fiction and Popular Science Author said "Violence is the last refuge of the incompetent"?Isaac Asimov
29%
13) John Lennon was born in Liverpool, UK in 1940. What was his given 'Middle Name'?Winston
14%
6) The 'Mycobacterium tuberculosis', the bacteria causing TB was discovered by which German scientistRobert Koch
10%
19) What type of creature is a 'Katipo'?Spider
7%
23Roger Sherman
3%
24Robert R. Livingston
3%
2) What was the name of Florence Nightingale's cat?Bismarck
2%

Score Distribution

Percentile by Number Answered

Percent of People with Each Score

Your Score History

You have not taken this quiz